000 00935cam a2200157 4500500
005 20260329040350.0
041 _afre
042 _adc
100 1 0 _aRoche, Anne
_eauthor
700 1 0 _aGuiguet, Andrée
_eauthor
700 1 0 _aVoltz, Nicole
_eauthor
245 0 0 _aL'atelier d'écriture : Éléments pour la rédaction du texte littéraire
260 _bArmand Colin,
_c2023.
520 _aRésultat du travail d'une équipe expérimentée, ce livre propose, en sept chapitres, une progression raisonnée d'exercices, allant du plus simple (consignes précises et détaillées) au plus complexe (acquisition de mécanismes scripturaux, production de textes). Ces exercices illustrent des éléments théoriques prolongés par des indications de lectures. Ils peuvent être réalisés seul, en groupe ou en classe.
856 4 1 _uhttps://shs.cairn.info/l-atelier-d-ecriture--9782200635312?lang=fr&redirect-ssocas=7080
999 _c1971690
_d1971690